[Event "Bhubaneswar op-A 14th"]
[Site "Bhubaneswar"]
[Date "2023.06.16"]
[Round "8"]
[White "Sriram, Adarsh Uppala"]
[Black "Rounak, Guha Roy"]
[Result "1-0"]
[WhiteElo "1743"]
[BlackElo "1508"]
[PlyCount "71"]
[EventDate "2023.06.11"]
[EventType "swiss"]
[EventRounds "10"]
[EventCountry "IND"]
[SourceTitle "CBM 214 Extra"]
[Source "ChessBase"]
[SourceDate "2023.07.31"]
[SourceVersion "1"]
[SourceVersionDate "2023.07.31"]
[SourceQuality "1"]

1. d4 Nf6 2. Nc3 e6 3. Bf4 a6 4. a3 Nh5 5. e3 Nxf4 6. exf4 d5 7. Nf3 c5 8. dxc5 Bxc5 9. Bd3 Nc6 10. 0-0 Qd6 11. Ne2 Bd7 12. b4 Ba7 13. Qd2 b5 14. Rfe1 f6 15. Rad1 0-0-0 16. a4 Qxb4 17. c3 Qc5 18. axb5 Qxf2+ 19. Kh1 axb5 20. Bxb5 Kc7 21. Nfd4 Nxd4 22. cxd4 Bxb5 23. Qa5+ Kd6 24. Qb4+ Kd7 25. Qxb5+ Ke7 26. Qb4+ Rd6 27. Nc3 Rhd8 28. Nb5 Bb8 29. Nxd6 Bxd6 30. Qb7+ Rd7 31. Qxd5 Be5 32. Qc5+ Bd6 33. Rxe6+ Kf7 34. Rxd6 Re7 35. Qc4+ Ke8 36. Qg8# 1-0